000 00601cam a2200205 4500500
005 20260405003039.0
041 _afre
042 _adc
100 1 0 _aEnjalbert, Cédric
_eauthor
245 0 0 _aQu’avons-nous appris ?
260 _c2020.
500 _a49
690 _aCovid-19
690 _aFrançoise Dastur
690 _aJulian Baggini
690 _aMiguel Benasayag
690 _aMort
786 0 _nPhilosophie magazine | 139 | 6 | 2020-06-01 | p. 18-18 | 1951-1787
856 4 1 _uhttps://shs.cairn.info/magazine-philosophie-magazine-2020-6-page-18?lang=fr&redirect-ssocas=7080
999 _c2063900
_d2063900